NCAA logos Extreme - Statistics

General Stats
  • This quiz has been taken 216 times
  • The average score is 21 of 30
Answer Stats
Hint Answer % Correct
Eastern Washington Eagles Logo PNG Vector Eastern Washington
91%
Richmond Spiders Logo PNG Vector Richmond
91%
St. John’s Red Storm Logo PNG Vector St Johns
89%
Idaho Vandals Logo PNG Vector Idaho
88%
South Dakota State Jackrabbits Logo PNG Vector South Dakota State
88%
Fordham Rams Logo PNG Vector Fordham
84%
Drake Bulldogs Logo PNG Vector Drake
83%
Pepperdine Waves Logo PNG Vector Pepperdine
83%
Wofford Terriers Logo PNG Vector Wofford
81%
Mercer Bears Logo PNG Vector Mercer
80%
Montana State Bobcats Logo PNG Vector Montana State
79%
Grambling State Tigers Logo PNG Vector Grambling State
77%
Lehigh Mountain Hawks Logo PNG Vector Lehigh
77%
Duquesne Dukes Logo PNG Vector Duquesne
73%
Bucknell Bison Logo PNG Vector Bucknell
70%
Youngstown State Penguins Logo PNG Vector Youngstown State
67%
Abilene Christian Wildcats Logo PNG Vector Abilene Christian
66%
Cal Poly Mustangs Logo PNG Vector California Poly
62%
Missouri State Bears Logo PNG Vector Missouri State
61%
Presbyterian College Logo PNG Vector Presbyterian
61%
Incarnate Word Cardinals Logo PNG Vector Incarnate Word
60%
UC Santa Barbara Gauchos Logo PNG Vector Santa Barbara
60%
Gardner-Webb Runnin Bulldogs Logo PNG Vector Gardner Webb
58%
Texas Southern Logo PNG Vector Texas southern
57%
Arkansas–Pine Bluff Golden Lions Logo PNG Vector Arkansas Pine Bluff
54%
Wagner Seahawks Logo PNG Vector Wagner
54%
Delaware State Hornets Logo PNG Vector Delaware State
50%
University of Central Arkansas Bears Logo PNG Vector Central Arkansas
48%
UT Martin Skyhawks Logo PNG Vector Tennessee Martin
35%
North Carolina Central Eagles Logo PNG Vector North Carolina Central
32%
No matching quizzes found
Score Distribution
Percent of People with Each Score
Percentile by Number Answered
Your Score History
You have not taken this quiz